| 000 | 00424cam a2200181ua 4500 | ||
|---|---|---|---|
| 020 | _c5.50 | ||
| 041 |
_ahin _h |
||
| 082 |
_a891.54 _bKAR/PA |
||
| 100 | _aKarbhayev, Bhardi . | ||
| 245 |
_aPakka kadam / _cKarbhayev Bardi. _hTextual Documents |
||
| 250 |
_a3 / _b. |
||
| 260 |
_aLucknow : _bViplav Karyalay , _c1962. |
||
| 300 | _a248 ; . | ||
| 365 | _a5.50 | ||
| 504 | _a | ||
| 942 | _cBK | ||
| 999 |
_c8433 _d8433 |
||